000 00441nam a2200193Ia 4500
005 20240823050724.0
008 240823s9999||||xx |||||||||||||| ||und||
020 _a978-0-521-22196-2
041 _aENGLISH
082 _A822.33 Q2
100 _aBeaurline L A
245 0 _aKing John
250 _a1st
260 _c2012
_bCambridege University Press
500 _aYES
650 _aGeneral
_bGeneral
942 _cBK
999 _c217905
_d217905